Retrouver les buteurs 2 - Statistiques

Statistiques générales
  • Ce quiz a été pris 64 fois
  • Le résultat moyen est 13 sur 30
Statistiques - réponses
Compétition Match Minute Joueur % Correct
Coupe du Monde Brésil-Allemagne 2014 11 Thomas Müller
88%
Ligue Europa Chelsea-Arsenal 2019 49 Olivier Giroud
81%
23 Miroslav Klose
78%
90 Oscar
73%
24, 26 Toni Kroos
73%
29 Sami Khedira
71%
26 Michel Platini
68%
69, 79 André Schürrle
66%
65, 72 Eden Hazard
64%
63 Neymar
59%
31 Edinson Cavani
46%
Ligue 1 Lyon-Marseille 2009 03 Miralem Pjanic
46%
90 Michel Bastos
44%
80, 83 Lisandro Lopez
42%
98 Alain Giresse
41%
78 Brandao
41%
Liga FC Barcelone-Real Madrid 2016 53 Luis Suarez
41%
92 Marius Trésor
39%
44 Benoït Cheyrou
37%
11 Souleymane Diawara
37%
90 Sergio Ramos
32%
47 Bakari Koné
27%
60 Pedro
27%
14 Sidney Govou
27%
69 Alex Iwobi
24%
90 Jérémy Toulalan
24%
Ligue des Champions PSG-Bayern Munich 2017 02 Dani Alves
22%
102 Karl-Heinz Rummenigge
15%
Coupe du Monde Allemagne-France 1982 17 Pierre Littbarski
5%
108 Klaus Fischer
0%
Aucun quiz correspondant
Distribution des résultats
% des personnes avec chaque résultat
Percentile par nombre de réponses
Votre historique - résultats
Vous n’avez pas pris ce quiz